Környezeti nevelés egy ökoiskolában

Bibliográfiai részletek
Szerző: Kutasi-Unger Anita
További közreműködők: Farkas Dr Julianna
Dokumentumtípus: Diplomadolgozat
Kulcsszavak:környezeti nevelés
ökoiskola
fenntartható fejlődés
környezettudatosság
a fenntarthatóság pedagógiája
Online Access:http://dolgozattar.uni-bge.hu/6153

MARC

LEADER 00000nta a2200000 i 4500
001 dolg6153
005 20160722120545.0
008 160513suuuu hu om 000 hun d
040 |a BGE Dolgozattár Repozitórium  |b hun 
041 |a hu 
100 1 |a Kutasi-Unger Anita 
245 1 0 |a Környezeti nevelés egy ökoiskolában  |c Kutasi-Unger Anita  |h [elektronikus dokumentum] 
695 |a környezeti nevelés 
695 |a ökoiskola 
695 |a fenntartható fejlődés 
695 |a környezettudatosság 
695 |a a fenntarthatóság pedagógiája 
700 1 |a Farkas Dr Julianna  |e ths 
856 4 0 |u http://dolgozattar.uni-bge.hu/6153/1/Kutasi-Unger%20Anita.pdf  |z Dokumentum-elérés